Statystyki dla Quiz o Grenadzie

Kliknij tutaj aby rozwiązać quiz!

Ogólne statystyki

  • Ten quiz został rozwiązany 1 376 razy
  • Średni wynik to 8 z 16

Statystyki odpowiedzi

WskazówkaOdpowiedź% Poprawnych
Język urzędowyAngielski
87%
Morze, z którym graniczy GrenadaMorze Karaibskie
87%
Kraj, który najechał na Grenadę w 1983 rokuStany Zjednoczone
86%
Archipelag, którego częścią jest GrenadaMałe {Antyle}
73%
Kraj, od którego Grenada uzyskała niepodległość w 1974 rokuWielka Brytania
73%
Kraj, w którym znajduje się miasto Granada, od którego pochodzi nazwa tego krajuHiszpania
72%
Najbliższy kontynentalny kraj do GrenadyWenezuela
72%
Grenada dostarcza 40% światowej podaży tej przyprawy, na literę MGałka {muszkatołowa}
65%
Najpopularniejszy sportKrykiet
48%
StolicaSaint George's
42%
Okres wolnego czasu, który Grenada obchodzi w sierpniu,
w przeciwieństwie do innych krajów
, które obchodzą go przed Wielkim Postem
Karnawał
35%
Święto obchodzone 25 października dla upamiętnienia inwazji i
przywrócenia demokracji, niezwiązane ze świętem w USA o tej samej nazwie
Święto Dziękczynienia
33%
Grenada jest podzielona na 6 z tych jednostek administracyjnych (zaczyna się od P)Parafie
23%
Partia komunistyczna, która przejęła władzę w bezkrwawym zamachu stanu w 1979 rNew {Jewel} Movement
13%
Krajowy ptak krytycznie zagrożonyGołębik grenadyjski
11%
Inna nazwa dla powyższego{Spice}mas
10%

Rozkład punktacji

Percentyl według liczby udzielonych odpowiedzi

Procent ludzi z każdym wynikiem

Twoja historia wyników

Nie rozwiązałeś tego quizu